00664nam a2200169Ia 4500008004100000020001500041050002200056100003900078245006300117250001800180260003300198300001800231500005400249504003500303505014400338650001200482120626s2006 mx 000 0 spa d a9707821493 aBJ1143 bG87 2006 aGutiérrez Sáenz, Raúleautor aIntroducción a la éticac / Raúl Gutiérrez Sáenz a8a. edición aMéxico b: Esfingec, 2006 a286 páginas aIncluye: Prólogo (p.7-8), Conclusión (p. 276) aBibliografía (pp. 277 - 278) aLa ética en el ámbito científico y filosófico Libertad y valores Ley y obligación Realización moral Doctrinas éticas 0aÉTICA